| 000 | 00507cam a2200205ua 4500 | ||
|---|---|---|---|
| 001 | 7741 | ||
| 008 | 141222n ii |||gr||||Z||||||ben | ||
| 020 | _a97826025121 | ||
| 040 | _cMAIN | ||
| 041 | _aben | ||
| 082 | _a891.44 | ||
| 100 |
_aSen, S., _eAuthor. |
||
| 245 | 1 |
_aBanglar sahitya-itihas _cBy Sukumar Sen |
|
| 250 | _a6th. | ||
| 260 |
_aNew delhi: _bSahitya akademi, _c2007. |
||
| 300 | _a272p. | ||
| 653 | _aEast Indo-European & Celtic literatures | ||
| 653 | _aBengali literature | ||
| 942 | _cBK | ||
| 999 |
_c6862 _d6862 |
||